000 00447nam a2200145 4500
008 708 R741a
020 _a848903429x
082 _a708
_bR741a
100 _aRoig, Bernardí
_96581
245 _aL´ascension
260 _aMallorca
_bFundació Pilar i Joan Miró a Mallorca
_c1995
300 _a104 p.
_bill (col)
_c24 x 19 cm
650 _xarte contemporáneo
_xarte - exhibiciones
_xEspaña
_xarte - instalación
_96737
700 _aOlmo, Santiago B.
_94483
999 _c1641
_d1641